The interaction of boric acid with salicylic acid amides /

Hlavní autor: Bartušek, Miloš, 1930-
Další autoři: Chromý, Vratislav, 1937-, Martell, Arthur Earl, 1916-2003, Zemčíková, M., Sommer, Lumír, 1929-, Grebeňová, B.
Jazyk: Angličtina
Vydáno: Brno : Univerzita J.E. Purkyně, 1970
Edice: Spisy přírodovědecké fakulty University J.E. Purkyně v Brně. Řada E ; 38, č. 517
Fyzický popis: 1 sv. (různé stránkování)
Language note: Ruské resumé
Knihy
Uloženo v:
LEADER 01732nam a2200313 a 4500
001 000592729
003 CZ BrMZK
005 20090220111042.0
008 020329s1970 xr f eng d
040 |a BOA001  |b cze  |c BOA001 
041 0 |a enf  |b rus 
100 1 |a Bartušek, Miloš,  |d 1930-  |7 jk01011009  |4 aut 
245 1 4 |a The interaction of boric acid with salicylic acid amides /  |c Miloš Bartušek and A.E. Martell 
260 |a Brno :  |b Univerzita J.E. Purkyně,  |c 1970 
300 |a 1 sv. (různé stránkování) 
490 1 |a Spisy přírodovědecké fakulty University J.E. Purkyně v Brně. Řada E ;  |v 38, č. 517 
504 |a Obsahuje bibliografii 
505 0 0 |t Contribution to the determination of iron (II) with 1, 10-phenanthroline /  |r M. Zemčíková and L. Sommer --  |t Spectrophotometric study of molybdate chelates with chromotropic acid /  |r Miloš Bartušek, B. Grebeňová and L. Sommer --  |t Thorium chelates 1:1 with catechol and catechol-5 sulfonic acid /  |r Miloš Bartušek --  |t Some heterocyclic azo dyes derived from 4-methoxyphanol as sensitive metal indicators /  |r Miloš Bartušek, L. Sommer 
546 |a Ruské resumé 
700 1 |a Chromý, Vratislav,  |d 1937-  |7 jn20010309815  |4 aut 
700 1 |a Martell, Arthur Earl,  |d 1916-2003  |7 uk2007399026  |4 aut 
700 1 |a Zemčíková, M.  |4 aut 
700 1 |a Sommer, Lumír,  |d 1929-  |7 jk01120416  |4 aut 
700 1 |a Grebeňová, B.  |4 aut 
810 2 |a Univerzita J.E. Purkyně v Brně.  |b Přírodovědecká fakulta.  |t Spisy 
910 |a BOA001  |b X-0660.459 
990 |a BK 
996 6 |b 2618911276  |c X-0660.459  |l MZK  |r Sklad / do 24 hodin  |n 0  |w 000592729  |u 000020  |a 1  |e BOA001  |j MZK50  |s P 
996 7 |b 2618911277  |c X-0660.459  |l MZK  |r Sklad / do 24 hodin  |n 0  |w 000592729  |u 000010  |a 1  |e BOA001  |j MZK50  |s A